American League East Winners since 1998 - Statistics

General Stats
  • This quiz has been taken 62 times
    12 since last reset
  • The average score is 24 of 28
Answer Stats
Year AL East winner Record % Correct
2023 Baltimore Orioles 101-61
100%
2018 Boston Red Sox 108-54
100%
2017 Boston Red Sox 93-69
100%
2016 Boston Red Sox 93-69
100%
2024 New York Yankees 94-68
100%
2022 New York Yankees 99-63
100%
2019 New York Yankees 103-59
100%
2021 Tampa Bay Rays 100-62
100%
2020 Tampa Bay Rays 40-20
100%
2025 Toronto Blue Jays 94-68
100%
2015 Toronto Blue Jays 93-69
100%
2014 Baltimore Orioles 96-66
90%
2013 Boston Red Sox 97-65
90%
2012 New York Yankees 95-67
90%
2007 Boston Red Sox 96-66
80%
2011 New York Yankees 97-65
80%
2009 New York Yankees 103-59
80%
2006 New York Yankees 97-65
80%
2010 Tampa Bay Rays 96-66
80%
2008 Tampa Bay Rays 97-65
80%
2005 New York Yankees 95-67
70%
2004 New York Yankees 101-61
70%
2003 New York Yankees 101-61
70%
2002 New York Yankees 103-58
70%
2001 New York Yankees 95-65
70%
2000 New York Yankees 87-74
70%
1999 New York Yankees 98-64
70%
1998 New York Yankees 114-48
70%
No matching quizzes found
Score Distribution
Percent of People with Each Score
Percentile by Number Answered
Your Score History
You have not taken this quiz since the last reset